000 00270nam a22001097a 4500
999 _c155327
_d155327
082 _a
_b
100 _aRama Dudh Pandey
245 _aUthar aadhunik samaj aur vijnapak/
_cby Rama Dudh Pandey.
260 _aKanpur:
_bAbhay Prakashan,
_c2012.
650 _a
942 _cBK